[Event "Ugra-Mongolia (Women) m"]
[Site "Khanty-Mansiysk"]
[Date "2023.12.11"]
[Round "2.5"]
[White "Munkhzul, Davaakhuu"]
[Black "Alekseenko, Mariya"]
[Result "1-0"]
[WhiteElo "2163"]
[BlackElo "1970"]
[PlyCount "93"]
[EventDate "2023.12.11"]
[EventType "schev (rapid)"]
[EventRounds "6"]
[EventCountry "RUS"]
[SourceTitle "CB51_2023"]
[SourceDate "2023.12.20"]
[SourceVersion "1"]
[SourceVersionDate "2023.12.20"]
[SourceQuality "1"]
[WhiteTeam "Mongolia"]
[BlackTeam "Ugra"]
[WhiteTeamCountry "MGL"]
[BlackTeamCountry "RUS"]

1. e4 c5 2. Nf3 e6 3. d4 cxd4 4. Nxd4 Nf6 5. Nc3 Nc6 6. Nxc6 bxc6 7. e5 Nd5 8. Ne4 Qc7 9. f4 Qb6 10. c4 Bb4+ 11. Ke2 f5 12. exf6 Nxf6 13. Be3 Qd8 14. Nd6+ Bxd6 15. Qxd6 Qe7 16. Qxe7+ Kxe7 17. Kf3 d5 18. cxd5 exd5 19. Bd3 Bg4+ 20. Kg3 Be6 21. Rac1 Rhc8 22. Rhe1 Kf7 23. Kf3 g6 24. Bd4 Nd7 25. Ba6 Rc7 26. b4 Bf5 27. g4 Be4+ 28. Kg3 Rb8 29. a3 c5 30. bxc5 Rc6 31. Bf1 a6 32. Re3 Nf8 33. Bc4 Ne6 34. Rxe4 dxe4 35. f5 gxf5 36. gxf5 Rg8+ 37. Kf2 Ke7 38. Bxe6 Rg5 39. Be3 Rh5 40. h4 Rxe6 41. fxe6 Kxe6 42. c6 Rf5+ 43. Ke2 Rf8 44. c7 Rc8 45. Bf4 Kf5 46. Ke3 Kg4 47. Rb1 1-0

[Event "Ugra-Mongolia (Women) m"]
[Site "Khanty-Mansiysk"]
[Date "2023.12.11"]
[Round "1.6"]
[White "Nikolaeva, Daria S"]
[Black "Munkhzul, Davaakhuu"]
[Result "0-1"]
[WhiteElo "1364"]
[BlackElo "2163"]
[PlyCount "44"]
[EventDate "2023.12.11"]
[EventType "schev (rapid)"]
[EventRounds "6"]
[EventCountry "RUS"]
[SourceTitle "CB51_2023"]
[SourceDate "2023.12.20"]
[SourceVersion "1"]
[SourceVersionDate "2023.12.20"]
[SourceQuality "1"]
[WhiteTeam "Ugra"]
[BlackTeam "Mongolia"]
[WhiteTeamCountry "RUS"]
[BlackTeamCountry "MGL"]

1. d4 Nf6 2. c4 e6 3. Nf3 d5 4. cxd5 exd5 5. Nc3 Bd6 6. Bg5 c6 7. e3 Bf5 8. Be2 Nbd7 9. Nh4 Bg6 10. Nxg6 hxg6 11. h3 Qc7 12. Rc1 Nh7 13. Bf4 Bxf4 14. exf4 Qxf4 15. Qd2 Qxd2+ 16. Kxd2 Ng5 17. Bd3 Ne6 18. Rhe1 Ke7 19. Ne2 Kd6 20. f4 Rae8 21. Rf1 Nf6 22. Rce1 Rh4 0-1

[Event "Asian Continental op (Women) 19th"]
[Site "Delhi"]
[Date "2022.11.02"]
[Round "8"]
[White "Kairbekova, Amina"]
[Black "Munkhzul, Davaakhuu"]
[Result "1/2-1/2"]
[WhiteElo "2231"]
[BlackElo "2218"]
[PlyCount "79"]
[EventDate "2022.10.26"]
[EventType "swiss"]
[EventRounds "9"]
[EventCountry "IND"]
[SourceTitle "EXT 2024"]
[Source "ChessBase"]
[SourceDate "2023.10.10"]
[SourceVersion "1"]
[SourceVersionDate "2023.10.10"]
[SourceQuality "1"]

1. e4 e5 2. Nf3 Nc6 3. Bb5 a6 4. Ba4 Nf6 5. 0-0 Be7 6. Re1 b5 7. Bb3 d6 8. c3 0-0 9. h3 Nb8 10. d4 Nbd7 11. Nbd2 Bb7 12. Bc2 Re8 13. Nf1 Bf8 14. Ng3 g6 15. a4 Bg7 16. d5 Qb8 17. Bg5 h6 18. Be3 c6 19. dxc6 Bxc6 20. Qd2 Kh7 21. axb5 axb5 22. Rxa8 Bxa8 23. Nh2 Nb6 24. b3 d5 25. Qe2 Nc8 26. Bc5 Bc6 27. h4 Nd6 28. Bxd6 Qxd6 29. h5 Nxe4 30. hxg6+ Qxg6 31. c4 bxc4 32. bxc4 f5 33. Nxf5 Qxf5 34. cxd5 Bxd5 35. f3 Qf7 36. Bxe4+ Bxe4 37. Qxe4+ Qg6 38. Ng4 Qxe4 39. Rxe4 Kg6 40. Kf2 1/2-1/2

[Event "Asian Continental op (Women) 19th"]
[Site "Delhi"]
[Date "2022.10.30"]
[Round "5"]
[White "Munkhzul, Davaakhuu"]
[Black "Mohota, Nisha"]
[Result "0-1"]
[WhiteElo "2218"]
[BlackElo "2181"]
[PlyCount "110"]
[EventDate "2022.10.26"]
[EventType "swiss"]
[EventRounds "9"]
[EventCountry "IND"]
[SourceTitle "EXT 2024"]
[Source "ChessBase"]
[SourceDate "2023.10.10"]
[SourceVersion "1"]
[SourceVersionDate "2023.10.10"]
[SourceQuality "1"]

1. e4 e5 2. Nf3 Nc6 3. Bb5 a6 4. Ba4 Nf6 5. 0-0 Be7 6. Re1 b5 7. Bb3 0-0 8. a4 Bb7 9. d3 d6 10. Nc3 Na5 11. axb5 Nxb3 12. cxb3 axb5 13. Rxa8 Qxa8 14. Nxb5 c5 15. Na3 Nd7 16. Nc4 f5 17. Bg5 Qe8 18. Bxe7 Qxe7 19. Nfd2 f4 20. f3 Ra8 21. Nb1 Kh8 22. Qd2 Bc6 23. b4 Rb8 24. bxc5 Nxc5 25. Nba3 Nb3 26. Qc3 Be8 27. Nb1 Bf7 28. Nbd2 Qa7+ 29. Kf1 Nxd2+ 30. Nxd2 Qb7 31. b3 Rc8 32. Nc4 Bxc4 33. dxc4 Rb8 34. Rb1 h6 35. b4 Qb6 36. b5 Rc8 37. g3 fxg3 38. hxg3 Kg8 39. Qd3 Kf8 40. Ra1 Qc5 41. Ra4 Ke7 42. Qb3 Rb8 43. Ra6 Qc8 44. Ra7+ Kf6 45. Kg2 Qc5 46. Ra6 Rb6 47. Qa2 Ke7 48. Rxb6 Qxb6 49. Qf2 Qc7 50. b6 Qxc4 51. b7 Qb5 52. Qa7 Qe2+ 53. Kh3 Qf1+ 54. Kg4 Kf6 55. Qg1 h5+ 0-1

[Event "Asian Continental op (Women) 19th"]
[Site "Delhi"]
[Date "2022.10.26"]
[Round "1"]
[White "Munkhzul, Davaakhuu"]
[Black "Jannatul, Ferdous"]
[Result "0-1"]
[WhiteElo "2218"]
[BlackElo "1861"]
[PlyCount "120"]
[EventDate "2022.10.26"]
[EventType "swiss"]
[EventRounds "9"]
[EventCountry "IND"]
[SourceTitle "EXT 2024"]
[Source "ChessBase"]
[SourceDate "2023.10.10"]
[SourceVersion "1"]
[SourceVersionDate "2023.10.10"]
[SourceQuality "1"]

1. e4 c6 2. Nc3 d5 3. Nf3 Bg4 4. h3 Bxf3 5. Qxf3 e6 6. Be2 d4 7. Nb1 Ne7 8. d3 Ng6 9. Nd2 Nd7 10. g3 Be7 11. 0-0 0-0 12. Qg2 e5 13. Bg4 b5 14. Nf3 Nf6 15. Bf5 Bd6 16. h4 Qc7 17. Qh3 Be7 18. Bg5 Rfd8 19. h5 Nf8 20. h6 g6 21. Qh4 Qd6 22. Bh3 Re8 23. Nh2 Nh5 24. Bxe7 Qxe7 25. Qg4 Ne6 26. f4 Nf6 27. Qf3 exf4 28. gxf4 Qf8 29. Bxe6 fxe6 30. e5 Nd5 31. Ng4 c5 32. Rae1 Qf5 33. Kg2 Rf8 34. Kg3 a5 35. Re4 Ra7 36. Nf2 Ne3 37. Rg1 Raf7 38. Nh3 Nd5 39. Kh2 Rd7 40. Rg5 Qf7 41. a3 Kh8 42. Rg1 Ne3 43. Rc1 Qf5 44. Nf2 Rdf7 45. c3 g5 46. Rg1 Qg6 47. cxd4 Qxh6+ 48. Nh3 cxd4 49. Rxd4 Rxf4 50. Qxe3 Rf3 51. Qxf3 Rxf3 52. Rd8+ Kg7 53. Rxg5+ Kf7 54. Rg3 Qd2+ 55. Rg2 Qh6 56. Rg3 Rxg3 57. Kxg3 Qe3+ 58. Kg4 Qxe5 59. Rd7+ Ke8 60. Rb7 Qf5+ 0-1

[Event "Wch U16 Girls"]
[Site "Mamaia"]
[Date "2022.09.12"]
[Round "7"]
[White "Francisco Guecamburu, Candela Be"]
[Black "Munkhzul, Davaakhuu"]
[Result "0-1"]
[WhiteElo "2233"]
[BlackElo "2143"]
[PlyCount "100"]
[EventDate "2022.09.06"]
[EventType "swiss"]
[EventRounds "11"]
[EventCountry "ROU"]
[SourceTitle "CBM 210 Extra"]
[Source "ChessBase"]
[SourceDate "2022.11.30"]
[SourceVersion "1"]
[SourceVersionDate "2022.11.30"]
[SourceQuality "1"]

1. e4 e5 2. Nf3 Nc6 3. Bb5 a6 4. Ba4 Nf6 5. d3 b5 6. Bb3 Bc5 7. Nc3 h6 8. Nd5 d6 9. c3 Rb8 10. 0-0 0-0 11. h3 Ba7 12. Nxf6+ Qxf6 13. Be3 Bb6 14. Kh2 Na5 15. Bc2 c5 16. Qe2 Be6 17. g4 g5 18. Rg1 d5 19. h4 dxe4 20. Nd2 Bd5 21. Nxe4 Bxe4 22. dxe4 Nc4 23. Bc1 Kg7 24. Kg2 Rh8 25. h5 Rhd8 26. a4 Nd6 27. Rf1 c4 28. Bd2 Ne8 29. axb5 axb5 30. b3 Nc7 31. Rfd1 Rd6 32. Bc1 Rbd8 33. Rxd6 Rxd6 34. bxc4 bxc4 35. Ra4 Ne6 36. Qf3 Nf4+ 37. Bxf4 gxf4 38. Bb1 Qd8 39. Ra2 Rd1 40. Bc2 Re1 41. Kh3 Rg1 42. Rb2 Bxf2 43. Qxf2 Rg3+ 44. Qxg3 fxg3 45. Ba4 Qd3 46. Bc6 Qxc3 47. Rb7 Qf3 48. Bd5 c3 49. Rc7 g2+ 50. Kh2 Qf1 0-1

[Event "Wch U16 Girls"]
[Site "Mamaia"]
[Date "2022.09.11"]
[Round "6"]
[White "Munkhzul, Davaakhuu"]
[Black "Yan, Rui Yang"]
[Result "1-0"]
[WhiteElo "2143"]
[BlackElo "2232"]
[PlyCount "97"]
[EventDate "2022.09.06"]
[EventType "swiss"]
[EventRounds "11"]
[EventCountry "ROU"]
[SourceTitle "CBM 210 Extra"]
[Source "ChessBase"]
[SourceDate "2022.11.30"]
[SourceVersion "1"]
[SourceVersionDate "2022.11.30"]
[SourceQuality "1"]

1. e4 c5 2. Nf3 d6 3. d4 cxd4 4. Nxd4 Nf6 5. Nc3 a6 6. Be3 e5 7. Nf3 Be7 8. Bc4 0-0 9. 0-0 Nc6 10. Qe2 Na5 11. Bb3 h6 12. Rfd1 Bd7 13. Nd5 Nxd5 14. Bxd5 Qc7 15. Ne1 Be6 16. Rd3 Bxd5 17. Rxd5 Nc4 18. c3 f5 19. Rad1 Nxe3 20. Qxe3 fxe4 21. Qxe4 Rf4 22. Qc2 Raf8 23. Nd3 R4f7 24. Qb3 Kh8 25. Qb4 Qc6 26. Qe4 Bd8 27. f3 Bb6+ 28. Kh1 a5 29. Re1 Rf6 30. a4 Rc8 31. Rb5 Kg8 32. Qe2 Re8 33. Qd1 Kh8 34. Qb3 Bc5 35. Nxc5 dxc5 36. Rxb7 Ref8 37. Kg1 e4 38. f4 Rxf4 39. Qb6 Qd5 40. h3 R4f6 41. Qb3 Qd2 42. Qd1 Qf2+ 43. Kh1 Rd6 44. Qb1 Rd2 45. Qxe4 Rfd8 46. Re7 Rd1 47. Re8+ Rxe8 48. Qxe8+ Kh7 49. Rxd1 1-0

[Event "Olympiad Women-44"]
[Site "Chennai"]
[Date "2022.08.03"]
[Round "6.4"]
[White "Munkhzul, Davaakhuu"]
[Black "Rodsmoen, Maud"]
[Result "1-0"]
[WhiteElo "2095"]
[BlackElo "1975"]
[PlyCount "67"]
[EventDate "2022.07.29"]
[EventType "team-swiss"]
[EventRounds "11"]
[EventCountry "IND"]
[SourceTitle "CBM 210"]
[Source "ChessBase"]
[SourceDate "2022.10.31"]
[SourceVersion "1"]
[SourceVersionDate "2022.10.31"]
[SourceQuality "1"]
[WhiteTeam "Mongolia (W)"]
[BlackTeam "Norway (W)"]
[WhiteTeamCountry "MGL"]
[BlackTeamCountry "NOR"]

1. e4 c5 2. Nf3 e6 3. d4 cxd4 4. Nxd4 Nc6 5. Nc3 Qc7 6. Be3 a6 7. Be2 Nf6 8. 0-0 Be7 9. f4 d6 10. Qe1 0-0 11. Qg3 Nxd4 12. Bxd4 b5 13. a3 Bb7 14. Kh1 Bc6 15. Rae1 Qb7 16. Bd3 g6 17. f5 Rae8 18. Qh3 exf5 19. exf5 Kg7 20. Nd1 Bd8 21. Rxe8 Rxe8 22. Ne3 Re5 23. Bxe5 dxe5 24. fxg6 hxg6 25. Qg3 Nh5 26. Qxe5+ f6 27. Qe6 Bb6 28. Rf2 f5 29. Bxf5 Bxg2+ 30. Rxg2 Bxe3 31. Qxg6+ Kf8 32. Qg8+ Ke7 33. Qh7+ Kf6 34. Qxb7 1-0

[Event "Paracin op-A 15th"]
[Site "Paracin"]
[Date "2022.07.12"]
[Round "5"]
[White "Munkhzul, Davaakhuu"]
[Black "Ristic, Luka"]
[Result "1/2-1/2"]
[WhiteElo "2095"]
[BlackElo "2243"]
[PlyCount "88"]
[EventDate "2022.07.08"]
[EventType "swiss"]
[EventRounds "9"]
[EventCountry "SRB"]
[SourceTitle "CBM 209 Extra"]
[Source "ChessBase"]
[SourceDate "2022.09.30"]
[SourceVersion "1"]
[SourceVersionDate "2022.09.30"]
[SourceQuality "1"]

1. e4 c5 2. Nf3 d6 3. d4 cxd4 4. Nxd4 Nf6 5. Nc3 a6 6. Nb3 e6 7. g4 b5 8. Bg2 Bb7 9. g5 Nfd7 10. f4 h6 11. h4 hxg5 12. hxg5 Rxh1+ 13. Bxh1 Nc6 14. Be3 b4 15. Ne2 a5 16. Nbd4 Nxd4 17. Qxd4 e5 18. Qd2 g6 19. 0-0-0 exf4 20. Nxf4 Rc8 21. Nd5 Bg7 22. Bg2 Ne5 23. Bf1 Nc4 24. Bxc4 Rxc4 25. Bb6 Qc8 26. Bxa5 Bxd5 27. exd5 Be5 28. Qe2 Qg4 29. Qxg4 Rxg4 30. Kb1 Ke7 31. c3 bxc3 32. bxc3 Rxg5 33. Kc2 Rh5 34. a4 g5 35. Rb1 g4 36. Rb7+ Kf8 37. Bb6 Rh2+ 38. Kb3 Rh1 39. a5 Ra1 40. Kb2 Ra4 41. Kb3 Ra1 42. Kb2 Ra4 43. Kb3 Ra1 44. Kb2 Ra4 1/2-1/2

[Event "Paracin op-A 15th"]
[Site "Paracin"]
[Date "2022.07.11"]
[Round "4"]
[White "Martic, Ivan"]
[Black "Munkhzul, Davaakhuu"]
[Result "0-1"]
[WhiteElo "2300"]
[BlackElo "2095"]
[PlyCount "80"]
[EventDate "2022.07.08"]
[EventType "swiss"]
[EventRounds "9"]
[EventCountry "SRB"]
[SourceTitle "CBM 209 Extra"]
[Source "ChessBase"]
[SourceDate "2022.09.30"]
[SourceVersion "1"]
[SourceVersionDate "2022.09.30"]
[SourceQuality "1"]

1. e4 e5 2. Nf3 Nc6 3. Bb5 a6 4. Ba4 Nf6 5. 0-0 Be7 6. Re1 b5 7. Bb3 d6 8. c3 0-0 9. h3 Nb8 10. d4 Nbd7 11. Nbd2 Bb7 12. Bc2 Re8 13. Nf1 Bf8 14. Bg5 h6 15. Bh4 exd4 16. cxd4 g5 17. Nxg5 hxg5 18. Bxg5 Bg7 19. Ng3 Nf8 20. Nh5 N8h7 21. Bh4 Qd7 22. Nxg7 Kxg7 23. e5 Nd5 24. Qh5 Rh8 25. Re4 Rag8 26. Rg4+ Kf8 27. Bf5 Qc6 28. Qh6+ Ke8 29. Qxh7 Ne7 30. exd6 Rxh7 31. d7+ Qxd7 32. Rxg8+ Nxg8 33. Re1+ Kf8 34. Bxd7 Rxh4 35. Re8+ Kg7 36. Bg4 Nf6 37. Re7 Nxg4 38. Rxc7 Bd5 39. hxg4 Rxg4 40. g3 Rxd4 0-1

[Event "Paracin op-A 15th"]
[Site "Paracin"]
[Date "2022.07.09"]
[Round "2"]
[White "Sanket, Chakravarty"]
[Black "Munkhzul, Davaakhuu"]
[Result "1-0"]
[WhiteElo "2209"]
[BlackElo "2095"]
[PlyCount "59"]
[EventDate "2022.07.08"]
[EventType "swiss"]
[EventRounds "9"]
[EventCountry "SRB"]
[SourceTitle "EXT 2023"]
[Source "ChessBase"]
[SourceDate "2022.10.05"]
[SourceVersion "1"]
[SourceVersionDate "2022.10.05"]
[SourceQuality "1"]

1. c4 e6 2. Nf3 d5 3. e3 Nf6 4. Nc3 Be7 5. b3 b6 6. Bb2 dxc4 7. bxc4 c5 8. Qc2 Nc6 9. Be2 0-0 10. h4 Nb4 11. Qb1 Bb7 12. a3 Nc6 13. Qc2 a6 14. Ng5 Ne5 15. f4 Ned7 16. Bf3 Bxf3 17. gxf3 h6 18. Nce4 Re8 19. 0-0-0 hxg5 20. hxg5 Nxe4 21. Qxe4 Nf8 22. Rh5 f6 23. Rdh1 fxg5 24. Bxg7 Kf7 25. Be5 Bf6 26. Rxg5 Re7 27. Bxf6 Kxf6 28. Rh6+ Kf7 29. Rh7+ Nxh7 30. Qg6+ 1-0

[Event "MGL-ch (Women)"]
[Site "Chinggis City"]
[Date "2022.05.19"]
[Round "7"]
[White "Munkhzul, Davaakhuu"]
[Black "Enkhtuul, Altanulzii"]
[Result "0-1"]
[WhiteElo "1991"]
[BlackElo "2228"]
[PlyCount "56"]
[EventDate "2022.05.12"]
[EventType "tourn"]
[EventRounds "11"]
[EventCountry "MGL"]
[SourceTitle "CBM 208 Extra"]
[Source "ChessBase"]
[SourceDate "2022.07.31"]
[SourceVersion "1"]
[SourceVersionDate "2022.07.31"]
[SourceQuality "1"]

1. e4 c5 2. Nf3 d6 3. d4 cxd4 4. Nxd4 Nf6 5. Nc3 g6 6. Be3 Bg7 7. f3 0-0 8. Qd2 Nc6 9. 0-0-0 d5 10. exd5 Nxd5 11. Nxc6 bxc6 12. Nxd5 cxd5 13. Bd4 e5 14. Bc5 Be6 15. Bb5 Rb8 16. Ba4 Qh4 17. Bxf8 Kxf8 18. Qa5 Qf4+ 19. Kb1 e4 20. Bb3 Qe5 21. c3 e3 22. Rhe1 Bh6 23. Bxd5 e2 24. Rd4 Qf5+ 25. Ka1 Qc2 26. Bb3 Bxb3 27. axb3 Bd2 28. Qe5 Qd1+ 0-1

[Event "MGL-ch (Women)"]
[Site "Chinggis City"]
[Date "2022.05.16"]
[Round "5"]
[White "Anu, Bayar"]
[Black "Munkhzul, Davaakhuu"]
[Result "0-1"]
[WhiteElo "2102"]
[BlackElo "1991"]
[PlyCount "96"]
[EventDate "2022.05.12"]
[EventType "tourn"]
[EventRounds "11"]
[EventCountry "MGL"]
[SourceTitle "CBM 208 Extra"]
[Source "ChessBase"]
[SourceDate "2022.07.31"]
[SourceVersion "1"]
[SourceVersionDate "2022.07.31"]
[SourceQuality "1"]

1. d4 Nf6 2. c4 e6 3. Nc3 Bb4 4. e3 0-0 5. Bd3 d5 6. Nge2 dxc4 7. Bxc4 c5 8. a3 Bxc3+ 9. bxc3 Qc7 10. Ba2 b6 11. 0-0 Ba6 12. f3 Nc6 13. Rf2 Rad8 14. Bb2 e5 15. Qa4 Na5 16. Ng3 Bd3 17. Qd1 Bc4 18. Qe1 Rfe8 19. dxe5 Qxe5 20. e4 Bxa2 21. Rxa2 Nc4 22. Bc1 Rd3 23. Rac2 Red8 24. Qe2 Rxc3 25. f4 Rxc2 26. Qxc2 Qd4 27. h3 Qd1+ 28. Kh2 Qxc2 29. Rxc2 Na5 30. Bb2 Ne8 31. Nf5 Kf8 32. Ne3 Rd3 33. Nd5 Nd6 34. Nc7 Nxe4 35. Re2 Nd6 36. Be5 Nab7 37. a4 f6 38. Bxd6+ Nxd6 39. a5 Kf7 40. a6 c4 41. Rb2 c3 42. Rc2 b5 43. f5 b4 44. Ne6 Nxf5 45. Nc5 Rd2 46. Rc1 Nh4 47. Kg3 g5 48. Ne4 Rxg2# 0-1

[Event "MGL-ch (Women)"]
[Site "Chinggis City"]
[Date "2022.05.14"]
[Round "3"]
[White "Nomindalai, Tumurbaatar"]
[Black "Munkhzul, Davaakhuu"]
[Result "1/2-1/2"]
[WhiteElo "2111"]
[BlackElo "1991"]
[PlyCount "147"]
[EventDate "2022.05.12"]
[EventType "tourn"]
[EventRounds "11"]
[EventCountry "MGL"]
[SourceTitle "CBM 208 Extra"]
[Source "ChessBase"]
[SourceDate "2022.07.31"]
[SourceVersion "1"]
[SourceVersionDate "2022.07.31"]
[SourceQuality "1"]

1. Nf3 Nf6 2. g3 d5 3. Bg2 Bf5 4. c4 c6 5. cxd5 cxd5 6. Qb3 Qc8 7. Nc3 e6 8. d3 Nc6 9. 0-0 Be7 10. Bf4 0-0 11. Rac1 Qd7 12. e4 Bg6 13. exd5 exd5 14. Ne2 Rac8 15. Ne5 Nxe5 16. Bxe5 Rc6 17. Nf4 Rb6 18. Qc3 Bf5 19. Qd2 Bb4 20. Qc2 Rc6 21. Qb3 Bd2 22. Rcd1 Bxf4 23. Bxf4 Rb6 24. Qc2 Rc8 25. Qd2 Rbc6 26. Be5 Ng4 27. Bd4 Rh6 28. h3 Nf6 29. g4 Bxg4 30. hxg4 Nxg4 31. Qf4 Rg6 32. Rc1 Re8 33. Rfe1 Rxe1+ 34. Rxe1 h5 35. Qb8+ Kh7 36. Re8 Rc6 37. Re1 Nh6 38. Qf4 Rg6 39. Kf1 Rg4 40. Qe5 f6 41. Qxh5 Rxd4 42. Bh3 f5 43. Qg5 Qf7 44. Re7 Qg6 45. Qxg6+ Kxg6 46. Rxb7 Rxd3 47. Bg2 Ng4 48. Ke2 Rd4 49. Rxa7 Rc4 50. Bxd5 Rc2+ 51. Kd3 Rxb2 52. f3 Nf2+ 53. Ke3 Kf6 54. Bb3 g5 55. Ra6+ Kg7 56. Be6 f4+ 57. Kd4 Re2 58. Bf5 Kf7 59. Bg6+ Ke7 60. Bh5 Nd1 61. a4 Ne3 62. Ke5 Nc4+ 63. Kf5 Re5+ 64. Kg6 Rc5 65. Ra7+ Kd6 66. Kf6 Nb6 67. Rg7 Nxa4 68. Be8 Nb6 69. Rxg5 Rxg5 70. Kxg5 Ke5 71. Bc6 Nc4 72. Ba8 Ne3 73. Bb7 Ng2 74. Bc8 1/2-1/2

[Event "MGL-ch (Women)"]
[Site "Chinggis City"]
[Date "2022.05.13"]
[Round "2"]
[White "Munkhzul, Davaakhuu"]
[Black "Tsetsenbileg, Munkhbayar"]
[Result "1-0"]
[WhiteElo "1991"]
[BlackElo "1830"]
[PlyCount "79"]
[EventDate "2022.05.12"]
[EventType "tourn"]
[EventRounds "11"]
[EventCountry "MGL"]
[SourceTitle "CBM 208 Extra"]
[Source "ChessBase"]
[SourceDate "2022.07.31"]
[SourceVersion "1"]
[SourceVersionDate "2022.07.31"]
[SourceQuality "1"]

1. e4 Nf6 2. e5 Nd5 3. d4 d6 4. c4 Nb6 5. Nf3 Bg4 6. Be2 g6 7. Nc3 Bg7 8. exd6 cxd6 9. Be3 0-0 10. 0-0 Nc6 11. b3 d5 12. c5 Nc8 13. b4 Nxb4 14. Qb3 a5 15. a3 Na6 16. Qxb7 Ra7 17. Qxd5 Rd7 18. Qc4 Bxf3 19. Bxf3 Nb8 20. Rfd1 e6 21. Nb5 Qh4 22. Qc1 h6 23. Bf4 Na6 24. g3 Qf6 25. Bc6 Re7 26. Bd6 Na7 27. Bxe7 Qxe7 28. Nxa7 Qxa7 29. Rb1 Rb8 30. Qc4 Nc7 31. Be4 Bf8 32. Rxb8 Qxb8 33. Rb1 Qd8 34. Rb7 Bg7 35. c6 Kh7 36. Kg2 Bf8 37. Qc3 a4 38. Qf3 Kg7 39. Bc2 Nd5 40. Qxf7+ 1-0

[Event "Online Olym Div Top-A"]
[Site "Chess.com INT"]
[Date "2021.09.09"]
[Round "5.3"]
[White "Koridze, Lile"]
[Black "Munkhzul, Davaakhuu"]
[Result "1/2-1/2"]
[WhiteElo "2016"]
[BlackElo "1991"]
[PlyCount "132"]
[EventDate "2021.09.08"]
[EventType "team (rapid)"]
[EventRounds "9"]
[EventCountry "USA"]
[SourceTitle "CBM 204 Extra"]
[Source "ChessBase"]
[SourceDate "2021.11.30"]
[SourceVersion "1"]
[SourceVersionDate "2021.11.30"]
[SourceQuality "1"]
[WhiteTeam "Georgia"]
[BlackTeam "Mongolia"]
[WhiteTeamCountry "GEO"]
[BlackTeamCountry "MGL"]

1. d4 Nf6 2. c4 e6 3. Nf3 d5 4. g3 Bb4+ 5. Bd2 Be7 6. Bg2 0-0 7. 0-0 c6 8. Qc2 Nbd7 9. Rd1 b6 10. b3 Ba6 11. Bf4 Rc8 12. Nc3 c5 13. dxc5 Bxc5 14. e3 dxc4 15. Ne5 Qe8 16. bxc4 Nxe5 17. Bxe5 Nd7 18. Qa4 Nxe5 19. Qxa6 Qe7 20. Nb5 Qf6 21. Nd4 Ng4 22. Rf1 Qh6 23. Nf3 e5 24. h3 Nxf2 25. Rxf2 Qxe3 26. Raf1 e4 27. Ne5 Qxg3 28. Nd7 e3 29. Re2 Bd6 30. Rf3 Qh2+ 31. Kf1 Rfd8 32. Rfxe3 Qf4+ 33. Rf3 Qc1+ 34. Re1 Qd2 35. Rfe3 Bf4 36. Qxc8 Qxe1+ 37. Rxe1 Rxc8 38. Bd5 Bd6 39. Ne5 Bxe5 40. Rxe5 Kf8 41. Rf5 f6 42. Rf3 Ke7 43. Ra3 Rc7 44. Re3+ Kd6 45. Re8 Kc5 46. Bg8 h6 47. Ke2 Kb4 48. Re3 Rc8 49. Bd5 Rc7 50. Rb3+ Kc5 51. Kd3 a6 52. Rc3 f5 53. Ra3 Ra7 54. Rc3 g5 55. Rc1 g4 56. hxg4 fxg4 57. Rh1 Rh7 58. Be6 Rg7 59. Bd5 Rg6 60. a3 b5 61. Rh5 Rd6 62. Kc3 bxc4 63. Bf3+ Kb6 64. Bxg4 Rd3+ 65. Kxc4 Rxa3 66. Rxh6+ Kc7 1/2-1/2

[Event "Titled Tuesday intern op 17th Aug"]
[Site "Chess.com INT"]
[Date "2021.08.17"]
[Round "10"]
[White "Babiy, Olga"]
[Black "Munkhzul, Davaakhuu"]
[Result "1-0"]
[WhiteElo "2269"]
[BlackElo "1991"]
[PlyCount "71"]
[EventDate "2021.08.17"]
[EventType "swiss (blitz)"]
[EventRounds "11"]
[EventCountry "USA"]
[SourceTitle "EXT 2022"]
[Source "ChessBase"]
[SourceDate "2021.10.06"]
[SourceVersion "1"]
[SourceVersionDate "2021.10.06"]
[SourceQuality "1"]

1. d4 d5 2. Bf4 Nf6 3. e3 e6 4. Nf3 Bd6 5. Nbd2 Bxf4 6. exf4 c5 7. dxc5 Qc7 8. Ne5 Qxc5 9. Bd3 0-0 10. 0-0 Nbd7 11. Ndf3 Qb4 12. Qc1 h6 13. c3 Qd6 14. Re1 Nc5 15. Bc2 Nce4 16. Qe3 b6 17. Rad1 Qc7 18. Nd4 Bb7 19. g4 Nd6 20. Qd3 a5 21. Bb1 Nde4 22. f3 Nc5 23. Qc2 g5 24. fxg5 hxg5 25. Qd2 Nh7 26. Bxh7+ Kxh7 27. Qxg5 Rg8 28. Qf6 Rg7 29. g5 Qd8 30. Qh6+ Kg8 31. g6 Qf6 32. Rd2 fxg6 33. Rg2 Rf8 34. Nxg6 Rh7 35. Nxf8+ Kf7 36. Qxh7+ 1-0

[Event "Titled Tuesday intern op 17th Aug"]
[Site "Chess.com INT"]
[Date "2021.08.17"]
[Round "1"]
[White "Cunha, Lucas Aguiar"]
[Black "Munkhzul, Davaakhuu"]
[Result "1-0"]
[WhiteElo "2290"]
[BlackElo "1991"]
[PlyCount "61"]
[EventDate "2021.08.17"]
[EventType "swiss (blitz)"]
[EventRounds "11"]
[EventCountry "USA"]
[SourceTitle "EXT 2022"]
[Source "ChessBase"]
[SourceDate "2021.10.06"]
[SourceVersion "1"]
[SourceVersionDate "2021.10.06"]
[SourceQuality "1"]

1. e4 e5 2. Nf3 Nc6 3. Nc3 Nf6 4. Bb5 Bb4 5. 0-0 d6 6. d3 0-0 7. Bg5 Bxc3 8. bxc3 h6 9. Bd2 a6 10. Bc4 Qe7 11. Re1 Nd8 12. d4 exd4 13. cxd4 Ne6 14. Rb1 b5 15. Bd3 Bb7 16. a4 c5 17. d5 Nc7 18. axb5 axb5 19. Bxb5 Nxe4 20. Bd3 Bxd5 21. c4 Bc6 22. Rb6 Qe8 23. Rxc6 Qxc6 24. Bxe4 d5 25. cxd5 Nxd5 26. Bxh6 Rad8 27. Bg5 f5 28. Ne5 Qe6 29. Bf3 Rd6 30. Nc4 Nc3 31. Nxd6 1-0

[Event "Titled Tuesday intern op 17th Aug"]
[Site "Chess.com INT"]
[Date "2021.08.17"]
[Round "9"]
[White "Girinath, PDS"]
[Black "Munkhzul, Davaakhuu"]
[Result "1/2-1/2"]
[WhiteElo "2335"]
[BlackElo "1991"]
[PlyCount "148"]
[EventDate "2021.08.17"]
[EventType "swiss (blitz)"]
[EventRounds "11"]
[EventCountry "USA"]
[SourceTitle "EXT 2022"]
[Source "ChessBase"]
[SourceDate "2021.10.06"]
[SourceVersion "1"]
[SourceVersionDate "2021.10.06"]
[SourceQuality "1"]

1. e4 e5 2. Nf3 Nc6 3. Bb5 a6 4. Ba4 Nf6 5. Bxc6 dxc6 6. Qe2 Bg4 7. d3 Bd6 8. Nbd2 Qd7 9. h3 Bh5 10. Nc4 Bxf3 11. Qxf3 0-0-0 12. Bg5 Qe6 13. Bxf6 gxf6 14. Ne3 Bb4+ 15. Ke2 Rhg8 16. g4 Kb8 17. Qf5 Bc5 18. Qxh7 Bxe3 19. fxe3 Rg6 20. Qh4 c5 21. b3 Rdg8 22. Qf2 Qe7 23. a4 a5 24. Raf1 Rh8 25. Qf5 Rgh6 26. Rf3 b6 27. h4 Rxh4 28. Rxh4 Rxh4 29. Qxf6 Rh2+ 30. Kd1 Qxf6 31. Rxf6 Rg2 32. Rxf7 Rxg4 33. Rf5 Rg3 34. Kd2 Rg2+ 35. Kc3 Re2 36. Rxe5 Rxe3 37. Kc4 Re2 38. c3 Kb7 39. Re7 Kc6 40. d4 cxd4 41. cxd4 Rc2+ 42. Kd3 Rb2 43. Kc3 Rh2 44. Re6+ Kd7 45. d5 Rh3+ 46. Kc4 Re3 47. b4 axb4 48. Kxb4 Re1 49. Kc4 Rc1+ 50. Kd4 Ra1 51. Rh6 Rxa4+ 52. Ke5 Ra1 53. Rh7+ Kd8 54. Ke6 Kc8 55. e5 Rd1 56. Rg7 b5 57. Rg4 Kb7 58. Kf5 Rxd5 59. Kf6 Rd1 60. e6 Rf1+ 61. Ke7 c5 62. Kd6 Kb6 63. Re4 Rf8 64. e7 Ra8 65. e8Q Rxe8 66. Rxe8 c4 67. Rb8+ Ka5 68. Kc5 Ka4 69. Rxb5 c3 70. Rb4+ Ka3 71. Rc4 Kb2 72. Kd4 c2 73. Kd3 c1Q 74. Rxc1 Kxc1 1/2-1/2